000 00629nam a2200217 a 4500
001 BRL_610
005 20190320210824.0
008 100913s1940----nyu#######---#000-0#eng-#
041 _aeng
044 _anyu
050 4 _aPZ3
_b.H34 1940
100 1 _aHalliday, Brett
_95028
245 1 0 _aThe uncomplaining Corpses
_cby Brett Halliday.
260 _aNew York
_bDell Publishing Company
_c1940
300 _a192 p.
_c16 cm.
500 _aEstado físico: presenta portada con pedazo faltante, hojas sueltas y faltan páginas (p.9-48)
500 _aAu685
650 1 4 _aNovela policiaca
_923905
902 _aGRL
942 _2lcc
_cB
999 _c9422
_d9422